000 00233nam a2200097Ia 4500
001 682604
005 20250826161422.0
008 250824s9999 xx 000 0 und d
245 0 _aKAYIP GÖLGELER KENTİ
_cNAZLI ERAY
260 _bEVEREST
999 _c682604
_d682604